Nomeie todos os times da Premier League - depois cidades e estádios - Statistics

Estatísticas Gerais
  • Esse quiz foi jogado 116 vezes
  • A pontuação média é 27 de 60
Estatísticas das Respostas
Hint Resposta % Correto
Manchester
97%
Manchester
97%
Liverpool
93%
Liverpool
93%
Liverpool
93%
Chelsea
86%
Manchester City
86%
Manchester United
86%
Equipes Arsenal
84%
Everton
82%
Aston Villa
72%
Wolverhampton
63%
Cidades London
60%
London
60%
London
60%
London
60%
London
60%
London
60%
London
60%
Old Trafford
59%
Fulham
58%
Anfield
57%
Brighton
56%
Crystal Palace
55%
Tottenham Hotspur
55%
Newcastle United
53%
Brentford
52%
Luton
52%
Nottingham Forest
51%
West Ham United
46%
Burnley
45%
Burnley
45%
Estádios Emirates Stadium
45%
Etihad Stadium
45%
Bournemouth
44%
Bournemouth
44%
Luton Town
44%
Stamford Bridge
40%
Sheffield
39%
Brighton & Hove Albion
34%
Sheffield United
34%
Birmingham
31%
Wolverhampton Wanderers
28%
Tottenham Hotspur Stadium
26%
Villa Park
23%
Goodison Park
18%
St James Park
16%
London Stadium
14%
Craven Cottage
12%
Molineux Stadium
9%
Turf Moor
8%
City Ground
7%
Selhurst Park
7%
American Express Stadium
5%
Newcastle upon Tyne
4%
Vitality Stadium
4%
Bramall Lane
3%
Kenilworth Road
2%
Gtech Community Stadium
1%
West Bridgford
1%
Nenhum quiz correspondente encontrado
Distribuição das Pontuações
Porcentagem de Pessoas com Cada Pontuação
Percentil de Números Respondidos
Sua Pontuação Histórica
Você não jogou esse quiz